000 00279nam a22001217a 4500
008 181220b xxu||||| |||| 00| 0 eng d
041 _aeng
080 _27th
_a540
100 _a12
101 _aKIM
245 _aReview of Physiological Chemistry
_cHarper,H.A
942 _2udc
_cBK
999 _c53547
_d53547